000 00748nab a2200241 u 4500
001 20869
003 HDC
007 cr bn ---aaaaa
008 210306c20101210xx dr|noo 0 a eng d
040 _aHDC
245 0 _aUK: Kosher bosses welcome EU labelling decision
300 _a1 online resource
336 _atext
_2rdacontent
337 _acomputer
_2rdamedia
338 _aonline resource
_2rdacarrier
650 _alabel produce
_918700
650 _aMeat products
_92253
710 _aHalal Focus
856 _zRequest full-text at [email protected]
942 _2lcc
942 _cNEWS
942 _kNWSO 006470
999 _c18185
_d18185